Lawgiver of machiavelli (Record no. 419)

MARC details
000 -LEADER
fixed length control field 00473cam a2200181ua 4500
008 - FIXED-LENGTH DATA ELEMENTS--GENERAL INFORMATION
fixed length control field 110406n ii |||gr||||Z||||||eng
040 ## - CATALOGING SOURCE
Transcribing agency MAIN
082 ## - DEWEY DECIMAL CLASSIFICATION NUMBER
Classification number 324.2092
245 1# - TITLE STATEMENT
Title Lawgiver of machiavelli
Statement of responsibility, etc. by Sisir Kanti Bhattacharjee
250 ## - EDITION STATEMENT
Edition statement 1st.
260 ## - PUBLICATION, DISTRIBUTION, ETC.
Place of publication, distribution, etc. Calcutta:
Name of publisher, distributor, etc. Bookland.
300 ## - PHYSICAL DESCRIPTION
Extent iii, 106p.:
Dimensions 5cm.
700 ## - ADDED ENTRY--PERSONAL NAME
Personal name Bhattacharjee, Sisir Kanti.,
Relator term
942 ## - ADDED ENTRY ELEMENTS (KOHA)
Koha item type Books
653 ## - INDEX TERM--UNCONTROLLED
Uncontrolled term Political science
653 ## - INDEX TERM--UNCONTROLLED
Uncontrolled term Lawgiver of machiavelli
Holdings
Withdrawn status Lost status Damaged status Not for loan Home library Current library Shelving location Date acquired Total Checkouts Full call number Barcode Date last seen Copy number Price effective from Koha item type
        Central Library, Naharkatiya College Central Library, Naharkatiya College   19/09/2020   324.2092 | BHA 240 19/09/2020 1 19/09/2020 Books

Naharkatiya College © 2020. All rights reserved.

Powered By